Alves dos Reis (Registo nº 29812)

Detalhes MARC
000 -Etiqueta do registo
Valores 00744cam a2200289 4500
010 ## - Número ISBN
ISBN 9724113841
021 ## - Número do Depósito Legal
-- PT
Número 67307/93
090 ## -
-- 29812
095 ## -
-- PTBN00595597
100 ## - Dados gerais de processamento
Dados gerais 20070210d1994 a y0pory5003 ba
101 0# - Língua de publicação
-- por
102 ## - País de publicação
-- PT
105 ## -
-- a t 000ay
106 ## -
-- r
200 1# - Titulo e menção de responsabilidade
Título próprio Alves dos Reis
Informação de outro título uma burla à portuguesa
Primeira menção de responsabilidade des. José Ruy
Outras menções de responsabilidade argumento Alexandre Honrado
205 ## - Menção da edição
Edição 1a ed
210 ## - Publicação
Local de publicação Porto
Nome do editor Asa,
Data de publicação 1994
215 ## - Descrição física 
Paginação / Volumes 32 p.
Outras indicações físicas todo il.
Dimensões 30 cm
225 2# - Colecção 
Título próprio da colecção Estórias de Lisboa
Indicação de volume 3
675 ## - CDU
Notação 087.5
Edição BN
Língua por
700 #1 - Autor principal (pessoa individual)
Apelido Rui,
Nome José,
Datas 1930-
701 #1 - Co-autor principal (pessoa individual)
Apelido Honrado,
Nome Alexandre,
Datas 1960-
-- 070
801 #0 - Fonte de origem
País PT
Agência BN
Regras de catalogação RPC
930 ## -
-- BECRE
990 ## - Elementos KOHA
Tipo de documento Livro
995 ## - Localização e informação dos exemplares
-- 18
Exemplares
Situação do levantamento Estado Biblioteca de origem Biblioteca de empréstimo Código de barras Cota Permissão de empréstimo Tipo de documento
  Completo Biblioteca da Escola Básica e Secundária Dr Isidoro de Sousa Biblioteca da Escola Básica e Secundária Dr Isidoro de Sousa 826EV 087.5 RUI Disponível Livro




Powered by Koha